[Event "DVM U10 2023"]
[Site "Magdeburg GER"]
[Date "2023.12.27"]
[Round "2"]
[White "Schwalbe, Viktoria"]
[Black "Nowak Ledesma, Lennon Mika"]
[Result "0-1"]
[Termination "normal"]
[Board "16.4"]
[WhiteElo "766"]
[BlackElo "772"]
[WhiteClock "00:37:51"]
[BlackClock "00:38:51"]
[WhiteTeam "USC Magdeburg"]
[BlackTeam "SC Turm Erfurt"]
[PlyCount "66"]
[EventCountry "GER"]
[EventRounds "7"]
[EventType "team-swiss"]
[EventDate "2023.12.27"]

1. e4 {[%clk 00:55:05]} {[%emt 00:00:04]} c5 {[%clk 00:55:03]} {[%emt
00:00:07]} 2. Nf3 {[%clk 00:54:39]} {[%emt 00:00:31]} d6 {[%clk 00:54:49]}
{[%emt 00:00:20]} 3. Bc4 {[%clk 00:54:05]} {[%emt 00:00:38]} Nf6 {[%clk
00:54:39]} {[%emt 00:00:15]} 4. Nc3 {[%clk 00:53:44]} {[%emt 00:00:25]} g6
{[%clk 00:54:07]} {[%emt 00:00:38]} 5. d3 {[%clk 00:53:16]} {[%emt 00:00:33]}
Bg7 {[%clk 00:53:46]} {[%emt 00:00:25]} 6. b3 {[%clk 00:52:22]} {[%emt
00:01:01]} O-O {[%clk 00:53:19]} {[%emt 00:00:32]} 7. h3 {[%clk 00:52:09]}
{[%emt 00:00:17]} Nc6 {[%clk 00:53:08]} {[%emt 00:00:17]} 8. O-O {[%clk
00:51:57]} {[%emt 00:00:17]} Be6 {[%emt 00:00:39]} 9. Re1 {[%emt 00:01:39]}
Bxc4 {[%emt 00:00:15]} 10. bxc4 {[%emt 00:00:15]} Nh5 {[%clk 00:50:10]} {[%emt
00:00:14]} 11. Rb1 {[%clk 00:51:15]} {[%emt 00:00:43]} Bxc3 {[%clk 00:49:54]}
{[%emt 00:00:24]} 12. Bd2 {[%clk 00:50:43]} {[%emt 00:00:38]} Qa5 {[%clk
00:47:01]} {[%emt 00:00:14]} 13. Qc1 {[%clk 00:49:33]} {[%emt 00:03:58]} Bxd2
{[%clk 00:46:19]} {[%emt 00:00:48]} 14. Nxd2 {[%clk 00:49:20]} {[%emt
00:00:18]} Nd4 {[%clk 00:45:34]} {[%emt 00:00:50]} 15. Rxb7 {[%clk 00:48:31]}
{[%emt 00:00:54]} Nf4 {[%clk 00:45:05]} {[%emt 00:00:34]} 16. Nb3 {[%clk
00:47:07]} {[%emt 00:01:29]} Nfe2+ {[%emt 00:00:31]} 17. Kh1 {[%emt 00:00:50]}
Qa6 {[%clk 00:43:39]} {[%emt 00:00:06]} 18. Rb5 {[%clk 00:46:12]} {[%emt
00:01:01]} Nxc1 {[%clk 00:43:30]} {[%emt 00:00:17]} 19. Rxc1 {[%clk 00:45:46]}
{[%emt 00:00:30]} Nxb5 {[%clk 00:43:21]} {[%emt 00:00:15]} 20. cxb5 {[%clk
00:45:12]} {[%emt 00:00:39]} Qxb5 {[%clk 00:43:09]} {[%emt 00:00:18]} 21. Nd2
{[%clk 00:44:07]} {[%emt 00:01:10]} c4 {[%clk 00:42:43]} {[%emt 00:00:30]} 22.
dxc4 {[%clk 00:43:52]} {[%emt 00:00:20]} Qg5 {[%clk 00:42:34]} {[%emt
00:00:13]} 23. Rd1 {[%clk 00:43:21]} {[%emt 00:00:37]} Rab8 {[%clk 00:42:06]}
{[%emt 00:00:34]} 24. Nf3 {[%clk 00:42:55]} {[%emt 00:00:30]} Qf4 {[%clk
00:41:56]} {[%emt 00:00:16]} 25. Nd4 {[%clk 00:41:47]} {[%emt 00:01:13]} Qxf2
{[%clk 00:41:31]} {[%emt 00:00:29]} 26. a3 {[%clk 00:40:56]} {[%emt 00:00:56]}
e5 {[%clk 00:41:05]} {[%emt 00:00:39]} 27. Nc6 {[%clk 00:40:31]} {[%emt
00:00:31]} Rb6 {[%clk 00:40:54]} {[%emt 00:00:16]} 28. Ne7+ {[%clk 00:39:51]}
{[%emt 00:00:45]} Kg7 {[%clk 00:40:43]} {[%emt 00:00:12]} 29. a4 {[%clk
00:38:58]} {[%emt 00:01:03]} Rfb8 {[%clk 00:40:16]} {[%emt 00:00:18]} 30. a5
{[%clk 00:38:30]} {[%emt 00:00:47]} Rb1 {[%emt 00:00:11]} 31. Rxb1 {[%emt
00:00:51]} Rxb1+ {[%clk 00:39:06]} {[%emt 00:00:12]} 32. Kh2 {[%clk 00:38:09]}
{[%emt 00:00:26]} Qf4+ {[%clk 00:38:57]} {[%emt 00:00:14]} 33. g3 {[%clk
00:37:51]} {[%emt 00:00:23]} Qf2# {[%clk 00:38:51]} {[%emt 00:00:11]} 0-1

[Event "DVM U10 2023"]
[Site "Magdeburg GER"]
[Date "2023.12.27"]
[Round "2"]
[White "Gupta, Pranit"]
[Black "Tran, Nhat Nam"]
[Result "0-1"]
[Termination "normal"]
[Board "17.1"]
[WhiteElo "1155"]
[BlackElo "1302"]
[WhiteClock "00:01:25"]
[BlackClock "00:16:43"]
[WhiteTeam "SF Deizisau"]
[BlackTeam "Greifswalder SV"]
[PlyCount "100"]
[BlackFideId "34692193"]
[EventCountry "GER"]
[EventRounds "7"]
[EventType "team-swiss"]
[EventDate "2023.12.27"]

1. e4 {[%clk 00:55:09]} {[%emt 00:00:01]} e5 {[%clk 00:55:02]} {[%emt
00:00:08]} 2. Nf3 {[%clk 00:55:09]} {[%emt 00:00:05]} Nc6 {[%clk 00:54:59]}
{[%emt 00:00:08]} 3. c3 {[%clk 00:54:57]} {[%emt 00:00:17]} d5 {[%clk
00:54:36]} {[%emt 00:00:28]} 4. Qc2 {[%clk 00:54:17]} {[%emt 00:00:43]} Nf6
{[%clk 00:54:02]} {[%emt 00:00:40]} 5. d3 {[%clk 00:53:00]} {[%emt 00:01:22]}
Bg4 {[%clk 00:53:41]} {[%emt 00:00:27]} 6. Be2 {[%clk 00:52:49]} {[%emt
00:00:16]} Bc5 {[%clk 00:52:53]} {[%emt 00:00:53]} 7. h3 {[%clk 00:52:33]}
{[%emt 00:00:21]} Bh5 {[%clk 00:52:30]} {[%emt 00:00:27]} 8. Be3 {[%clk
00:52:07]} {[%emt 00:00:31]} Bb6 {[%clk 00:51:49]} {[%emt 00:00:47]} 9. Nbd2
{[%clk 00:51:53]} {[%emt 00:00:19]} O-O {[%clk 00:51:23]} {[%emt 00:00:31]} 10.
Nf1 {[%clk 00:51:45]} {[%emt 00:00:12]} Bxf3 {[%clk 00:49:33]} {[%emt
00:01:55]} 11. Bxf3 {[%clk 00:51:36]} {[%emt 00:00:13]} d4 {[%clk 00:49:19]}
{[%emt 00:00:20]} 12. cxd4 {[%clk 00:51:14]} {[%emt 00:00:27]} Nxd4 {[%clk
00:49:00]} {[%emt 00:00:24]} 13. Qd1 {[%clk 00:50:44]} {[%emt 00:00:32]} Nxf3+
{[%clk 00:48:42]} {[%emt 00:00:26]} 14. Qxf3 {[%clk 00:48:36]} {[%emt
00:02:12]} Qxd3 {[%clk 00:48:27]} {[%emt 00:00:21]} 15. Rd1 {[%clk 00:45:51]}
{[%emt 00:02:49]} Qxe4 {[%clk 00:48:18]} {[%emt 00:00:16]} 16. Qxe4 {[%clk
00:45:09]} {[%emt 00:00:47]} Nxe4 {[%clk 00:48:15]} {[%emt 00:00:08]} 17. Ng3
{[%clk 00:40:49]} {[%emt 00:04:24]} Nxg3 {[%clk 00:48:05]} {[%emt 00:00:16]}
18. fxg3 {[%clk 00:40:02]} {[%emt 00:00:52]} Bxe3 {[%clk 00:47:59]} {[%emt
00:00:11]} 19. Rd7 {[%clk 00:38:01]} {[%emt 00:02:05]} Bb6 {[%clk 00:47:47]}
{[%emt 00:00:17]} 20. Rd5 {[%clk 00:36:06]} {[%emt 00:02:00]} Rfe8 {[%clk
00:47:44]} {[%emt 00:00:08]} 21. b4 {[%clk 00:35:06]} {[%emt 00:01:05]} Rad8
{[%clk 00:47:38]} {[%emt 00:00:13]} 22. Rd2 {[%clk 00:34:08]} {[%emt 00:00:55]}
Bd4 {[%clk 00:47:31]} {[%emt 00:00:19]} 23. Rc2 {[%clk 00:32:04]} {[%emt
00:02:08]} c6 {[%clk 00:47:12]} {[%emt 00:00:25]} 24. a3 {[%clk 00:27:19]}
{[%emt 00:04:51]} e4 {[%clk 00:45:59]} {[%emt 00:01:17]} 25. Ke2 {[%clk
00:26:22]} {[%emt 00:01:01]} f5 {[%clk 00:42:53]} {[%emt 00:03:11]} 26. Rf1
{[%clk 00:24:32]} {[%emt 00:01:53]} g6 {[%clk 00:42:01]} {[%emt 00:00:59]} 27.
g4 {[%clk 00:13:38]} {[%emt 00:10:58]} Rf8 {[%clk 00:40:38]} {[%emt 00:01:30]}
28. g5 {[%clk 00:13:31]} {[%emt 00:00:12]} Be5 {[%clk 00:40:19]} {[%emt
00:00:24]} 29. Ke3 {[%clk 00:10:29]} {[%emt 00:03:07]} Rd3+ {[%clk 00:37:42]}
{[%emt 00:02:42]} 30. Kf2 {[%clk 00:08:11]} {[%emt 00:02:22]} Bd4+ {[%clk
00:34:00]} {[%emt 00:03:47]} 31. Ke2 {[%clk 00:06:19]} {[%emt 00:01:57]} f4
{[%clk 00:32:29]} {[%emt 00:01:35]} 32. Ke1 {[%clk 00:04:40]} {[%emt 00:01:45]}
f3 {[%clk 00:29:52]} {[%emt 00:02:43]} 33. g3 {[%clk 00:03:29]} {[%emt
00:01:16]} Bc3+ {[%clk 00:26:41]} {[%emt 00:03:16]} 34. Rxc3 {[%clk 00:02:15]}
{[%emt 00:01:18]} Rxc3 {[%clk 00:26:30]} {[%emt 00:00:17]} 35. Kd2 {[%clk
00:02:02]} {[%emt 00:00:08]} e3+ {[%clk 00:24:38]} {[%emt 00:02:07]} 36. Kxc3
{[%clk 00:01:54]} {[%emt 00:00:13]} e2 {[%clk 00:23:40]} {[%emt 00:01:03]} 37.
Rh1 {[%clk 00:01:26]} {[%emt 00:00:31]} f2 {[%clk 00:22:30]} {[%emt 00:01:17]}
38. Kd2 {[%clk 00:01:22]} {[%emt 00:00:08]} f1=Q {[%clk 00:21:39]} {[%emt
00:00:57]} 39. Rxf1 {[%clk 00:01:15]} exf1=Q {[%clk 00:21:12]} {[%emt
00:00:37]} 40. h4 {[%clk 00:01:18]} {[%emt 00:00:09]} Qg2+ {[%clk 00:20:42]}
{[%emt 00:00:34]} 41. Kc3 {[%clk 00:01:21]} {[%emt 00:00:02]} Qxg3+ {[%clk
00:20:03]} {[%emt 00:00:43]} 42. Kc4 {[%clk 00:01:24]} {[%emt 00:00:03]} Rf4+
{[%clk 00:19:30]} {[%emt 00:00:36]} 43. Kc5 {[%clk 00:01:21]} {[%emt 00:00:10]}
Qc3+ {[%clk 00:19:17]} {[%emt 00:00:18]} 44. Kd6 {[%emt 00:00:51]} Qd4+ {[%clk
00:18:33]} 45. Kc7 {[%clk 00:01:18]} {[%emt 00:00:12]} Rf7+ {[%clk 00:18:16]}
{[%emt 00:00:21]} 46. Kc8 {[%clk 00:01:19]} {[%emt 00:00:05]} Qd7+ {[%clk
00:18:12]} {[%emt 00:00:09]} 47. Kb8 {[%clk 00:01:21]} {[%emt 00:00:03]} Qd8+
{[%clk 00:17:35]} {[%emt 00:00:37]} 48. Kxa7 {[%clk 00:01:24]} {[%emt
00:00:07]} b5+ {[%clk 00:17:10]} {[%emt 00:00:29]} 49. Ka6 {[%clk 00:01:27]}
{[%emt 00:00:03]} Qc7 {[%clk 00:16:43]} {[%emt 00:00:32]} 50. h5 {[%clk
00:01:25]} {[%emt 00:00:07]} Qa7# {[%emt 00:00:35]} 0-1

[Event "DVM U10 2023"]
[Site "Magdeburg GER"]
[Date "2023.12.27"]
[Round "2"]
[White "Zarbock, Tim Pepe"]
[Black "Hou, Yinuo"]
[Result "0-1"]
[Termination "normal"]
[Board "17.2"]
[WhiteElo "756"]
[BlackElo "1211"]
[WhiteClock "00:40:45"]
[BlackClock "00:38:32"]
[WhiteTeam "Greifswalder SV"]
[BlackTeam "SF Deizisau"]
[PlyCount "86"]
[EventCountry "GER"]
[EventRounds "7"]
[EventType "team-swiss"]
[EventDate "2023.12.27"]

1. e4 {[%clk 00:55:08]} {[%emt 00:00:02]} c5 {[%clk 00:55:07]} {[%emt
00:00:04]} 2. Nf3 {[%clk 00:55:02]} {[%emt 00:00:11]} d6 {[%clk 00:54:59]}
{[%emt 00:00:12]} 3. Bb5+ {[%clk 00:54:46]} {[%emt 00:00:21]} Bd7 {[%clk
00:54:55]} {[%emt 00:00:09]} 4. Bxd7+ {[%clk 00:54:34]} {[%emt 00:00:16]} Nxd7
{[%clk 00:54:51]} {[%emt 00:00:11]} 5. d3 {[%emt 00:00:20]} Ngf6 {[%clk
00:54:31]} {[%emt 00:00:22]} 6. Bg5 {[%clk 00:54:04]} {[%emt 00:00:22]} g6
{[%clk 00:54:22]} {[%emt 00:00:14]} 7. Bxf6 {[%clk 00:53:47]} {[%emt 00:00:22]}
Nxf6 {[%clk 00:54:21]} {[%emt 00:00:06]} 8. O-O {[%clk 00:53:21]} {[%emt
00:00:31]} Bg7 {[%clk 00:54:14]} {[%emt 00:00:11]} 9. Nc3 {[%clk 00:52:58]}
{[%emt 00:00:29]} O-O {[%clk 00:53:57]} {[%emt 00:00:22]} 10. d4 {[%clk
00:51:51]} {[%emt 00:01:13]} b6 {[%clk 00:53:06]} {[%emt 00:00:56]} 11. dxc5
{[%clk 00:50:53]} {[%emt 00:01:02]} bxc5 {[%clk 00:53:02]} {[%emt 00:00:09]}
12. Nd5 {[%clk 00:50:37]} {[%emt 00:00:21]} Nxd5 {[%clk 00:52:39]} {[%emt
00:00:28]} 13. Qxd5 {[%clk 00:50:33]} {[%emt 00:00:08]} Bxb2 {[%clk 00:52:17]}
{[%emt 00:00:28]} 14. Rab1 {[%clk 00:50:24]} {[%emt 00:00:15]} Bg7 {[%clk
00:51:10]} {[%emt 00:01:11]} 15. Rfd1 {[%clk 00:49:11]} {[%emt 00:01:18]} Rb8
{[%clk 00:50:27]} {[%emt 00:00:48]} 16. Rxb8 {[%clk 00:48:37]} {[%emt
00:00:39]} Qxb8 {[%clk 00:50:26]} {[%emt 00:00:07]} 17. Qb3 {[%clk 00:47:21]}
{[%emt 00:01:21]} Qxb3 {[%clk 00:49:43]} {[%emt 00:00:47]} 18. cxb3 {[%clk
00:47:15]} {[%emt 00:00:11]} f5 {[%clk 00:47:36]} {[%emt 00:02:12]} 19. exf5
{[%clk 00:47:01]} {[%emt 00:00:19]} Rxf5 {[%clk 00:47:33]} {[%emt 00:00:09]}
20. a3 {[%clk 00:46:24]} {[%emt 00:00:42]} Rf4 {[%clk 00:46:15]} {[%emt
00:01:22]} 21. Re1 {[%clk 00:46:02]} {[%emt 00:00:27]} Kf8 {[%clk 00:45:52]}
{[%emt 00:00:26]} 22. Ng5 {[%clk 00:45:27]} {[%emt 00:00:42]} Rf5 {[%clk
00:45:03]} {[%emt 00:00:53]} 23. Nxh7+ {[%clk 00:45:18]} {[%emt 00:00:15]} Kg8
{[%clk 00:45:00]} {[%emt 00:00:08]} 24. g4 {[%clk 00:44:46]} {[%emt 00:00:38]}
Rd5 {[%clk 00:44:46]} {[%emt 00:00:17]} 25. Rxe7 {[%clk 00:44:10]} {[%emt
00:00:42]} Kxh7 {[%clk 00:44:24]} {[%emt 00:00:25]} 26. Rxa7 {[%clk 00:43:39]}
{[%emt 00:00:38]} Rd3 {[%clk 00:43:56]} {[%emt 00:00:33]} 27. a4 {[%clk
00:43:32]} {[%emt 00:00:13]} Rxb3 {[%clk 00:43:50]} {[%emt 00:00:10]} 28. a5
{[%clk 00:43:32]} {[%emt 00:00:06]} Kh6 {[%clk 00:43:29]} {[%emt 00:00:24]} 29.
a6 {[%clk 00:43:24]} {[%emt 00:00:14]} Ra3 {[%clk 00:43:24]} {[%emt 00:00:11]}
30. Kg2 {[%clk 00:42:59]} {[%emt 00:00:30]} Bd4 {[%clk 00:43:06]} {[%emt
00:00:20]} 31. f3 {[%clk 00:42:41]} {[%emt 00:00:25]} c4 {[%clk 00:43:01]}
{[%emt 00:00:11]} 32. Kf1 {[%clk 00:42:28]} {[%emt 00:00:18]} Bxa7 {[%clk
00:42:59]} {[%emt 00:00:06]} 33. f4 {[%clk 00:42:17]} {[%emt 00:00:16]} Rxa6
{[%clk 00:42:43]} {[%emt 00:00:21]} 34. h4 {[%clk 00:42:07]} {[%emt 00:00:14]}
Ra5 {[%clk 00:42:23]} {[%emt 00:00:27]} 35. g5+ {[%clk 00:41:51]} {[%emt
00:00:21]} Kh5 {[%clk 00:42:08]} {[%emt 00:00:19]} 36. Kg2 {[%clk 00:41:36]}
{[%emt 00:01:27]} Ra3 {[%clk 00:40:33]} {[%emt 00:01:13]} 37. f5 {[%clk
00:41:04]} {[%emt 00:00:36]} gxf5 {[%clk 00:39:09]} {[%emt 00:01:28]} 38. g6
{[%clk 00:41:00]} {[%emt 00:00:11]} Kxg6 {[%clk 00:39:11]} {[%emt 00:00:03]}
39. h5+ {[%clk 00:40:53]} {[%emt 00:00:12]} Kxh5 {[%clk 00:38:42]} {[%emt
00:00:33]} 40. Kf1 {[%clk 00:40:54]} {[%emt 00:01:42]} c3 {[%clk 00:39:45]}
{[%emt 00:00:28]} 41. Ke1 {[%clk 00:40:48]} {[%emt 00:00:11]} c2 {[%clk
00:39:08]} {[%emt 00:00:42]} 42. Kd2 {[%clk 00:40:46]} {[%emt 00:00:07]} Ra2
{[%clk 00:38:47]} {[%emt 00:00:25]} 43. Kc1 {[%clk 00:40:45]} {[%emt 00:00:07]}
Be3# {[%clk 00:38:32]} {[%emt 00:00:18]} 0-1

[Event "DVM U10 2023"]
[Site "Magdeburg GER"]
[Date "2023.12.27"]
[Round "2"]
[White "Gheng, Hannes Lucas"]
[Black "Korth, Alexander"]
[Result "1-0"]
[Termination "normal"]
[Board "17.3"]
[WhiteElo "961"]
[BlackElo "767"]
[WhiteClock "00:28:51"]
[BlackClock "00:41:23"]
[WhiteTeam "SF Deizisau"]
[BlackTeam "Greifswalder SV"]
[PlyCount "57"]
[WhiteFideId "34606890"]
[EventCountry "GER"]
[EventRounds "7"]
[EventType "team-swiss"]
[EventDate "2023.12.27"]

1. e4 {[%clk 00:55:09]} e5 {[%clk 00:55:04]} {[%emt 00:00:06]} 2. Nf3 {[%clk
00:55:05]} {[%emt 00:00:10]} Nc6 {[%clk 00:55:05]} {[%emt 00:00:02]} 3. Bb5
{[%clk 00:54:51]} {[%emt 00:00:21]} Nf6 {[%clk 00:54:21]} {[%emt 00:00:48]} 4.
d3 {[%clk 00:54:13]} {[%emt 00:00:27]} d6 {[%clk 00:53:59]} {[%emt 00:00:43]}
5. c3 {[%clk 00:53:45]} {[%emt 00:00:10]} Bd7 {[%clk 00:54:04]} 6. Nbd2 {[%clk
00:52:55]} {[%emt 00:01:03]} a6 {[%clk 00:54:06]} {[%emt 00:00:19]} 7. Ba4
{[%clk 00:52:53]} {[%emt 00:00:07]} Be7 {[%clk 00:53:45]} {[%emt 00:00:25]} 8.
Nf1 {[%clk 00:50:48]} {[%emt 00:00:25]} O-O {[%clk 00:53:46]} {[%emt 00:01:50]}
9. Ng3 {[%clk 00:50:47]} {[%emt 00:00:05]} Na5 {[%clk 00:53:01]} {[%emt
00:00:50]} 10. O-O {[%clk 00:49:07]} {[%emt 00:01:23]} Bxa4 {[%clk 00:52:35]}
{[%emt 00:00:53]} 11. Qxa4 {[%clk 00:49:00]} {[%emt 00:00:12]} Nc6 {[%clk
00:52:06]} {[%emt 00:00:33]} 12. Nf5 {[%clk 00:47:06]} {[%emt 00:00:29]} Qd7
{[%clk 00:52:11]} 13. Re1 {[%clk 00:45:24]} {[%emt 00:03:19]} g6 {[%clk
00:51:22]} {[%emt 00:00:53]} 14. Nh6+ {[%clk 00:44:28]} {[%emt 00:01:01]} Kh8
{[%clk 00:50:28]} {[%emt 00:00:59]} 15. Qb3 {[%clk 00:42:43]} {[%emt 00:00:36]}
Qe6 {[%clk 00:50:32]} 16. Qxb7 {[%clk 00:41:45]} {[%emt 00:02:17]} Rfc8 {[%clk
00:49:05]} {[%emt 00:01:33]} 17. Qxc6 {[%clk 00:41:25]} {[%emt 00:00:24]} Bf8
{[%clk 00:47:01]} {[%emt 00:02:09]} 18. Ng5 {[%clk 00:40:41]} {[%emt 00:00:50]}
Qe7 {[%clk 00:45:54]} {[%emt 00:01:12]} 19. Ngxf7+ {[%clk 00:39:21]} {[%emt
00:01:23]} Kg7 {[%clk 00:45:14]} {[%emt 00:00:46]} 20. Bg5 {[%clk 00:36:13]}
{[%emt 00:02:17]} a5 {[%clk 00:45:19]} 21. Re3 {[%clk 00:34:39]} {[%emt
00:02:37]} Qd7 {[%clk 00:43:54]} {[%emt 00:01:29]} 22. Bxf6+ {[%clk 00:33:55]}
{[%emt 00:00:22]} Kxf6 {[%clk 00:43:33]} {[%emt 00:00:53]} 23. Qxd7 {[%clk
00:33:48]} {[%emt 00:00:12]} Bxh6 {[%clk 00:42:50]} {[%emt 00:00:48]} 24. Nxh6
{[%clk 00:33:37]} {[%emt 00:00:16]} Rcb8 {[%clk 00:41:58]} {[%emt 00:00:57]}
25. Qf7+ {[%emt 00:01:03]} Kg5 {[%emt 00:00:18]} 26. Rh3 {[%emt 00:00:56]} Rxb2
{[%emt 00:00:35]} 27. Qxh7 {[%clk 00:29:53]} {[%emt 00:00:56]} Rab8 {[%clk
00:41:23]} {[%emt 00:00:42]} 28. Rg3+ {[%emt 00:00:03]} Kh4 {[%emt 00:00:50]}
29. Nf7# {[%clk 00:28:51]} {[%emt 00:00:13]} 1-0

[Event "DVM U10 2023"]
[Site "Magdeburg GER"]
[Date "2023.12.27"]
[Round "2"]
[White "Moskalenko, Michael"]
[Black "Goecking, Mats"]
[Result "1-0"]
[Termination "normal"]
[Board "18.1"]
[WhiteElo "1294"]
[BlackElo "1050"]
[WhiteClock "00:38:51"]
[BlackClock "00:38:32"]
[WhiteTeam "Elmshorner SC 1896"]
[BlackTeam "SV Eintracht Tangerhütte"]
[PlyCount "43"]
[WhiteFideId "34608877"]
[BlackFideId "34627383"]
[EventCountry "GER"]
[EventRounds "7"]
[EventType "team-swiss"]
[EventDate "2023.12.27"]

1. d4 {[%clk 00:55:08]} {[%emt 00:00:01]} d5 {[%clk 00:55:03]} {[%emt
00:00:07]} 2. c4 {[%clk 00:55:09]} {[%emt 00:00:05]} e6 {[%clk 00:55:01]}
{[%emt 00:00:07]} 3. Nf3 {[%clk 00:55:08]} {[%emt 00:00:05]} Bd6 {[%clk
00:54:36]} {[%emt 00:00:30]} 4. Nc3 {[%clk 00:54:40]} {[%emt 00:00:33]} Nf6
{[%clk 00:53:36]} {[%emt 00:01:05]} 5. Bg5 {[%clk 00:53:52]} {[%emt 00:00:54]}
h6 {[%clk 00:52:31]} {[%emt 00:01:09]} 6. Bh4 {[%clk 00:53:40]} {[%emt
00:00:16]} g5 {[%clk 00:52:13]} {[%emt 00:00:24]} 7. Bg3 {[%clk 00:53:31]}
{[%emt 00:00:15]} Bxg3 {[%clk 00:50:58]} {[%emt 00:01:18]} 8. hxg3 {[%clk
00:53:24]} {[%emt 00:00:13]} Ne4 {[%clk 00:49:57]} {[%emt 00:01:06]} 9. e3
{[%clk 00:52:53]} {[%emt 00:00:37]} Qf6 {[%clk 00:49:10]} {[%emt 00:00:52]} 10.
Nxe4 {[%clk 00:52:01]} {[%emt 00:00:57]} dxe4 {[%clk 00:48:48]} {[%emt
00:00:26]} 11. Nd2 {[%clk 00:51:36]} {[%emt 00:00:31]} Qf5 {[%clk 00:46:25]}
{[%emt 00:02:28]} 12. Qc2 {[%clk 00:50:29]} {[%emt 00:01:10]} Rg8 {[%clk
00:45:43]} {[%emt 00:00:48]} 13. Nxe4 {[%clk 00:48:01]} {[%emt 00:02:34]} Rg6
{[%clk 00:45:12]} {[%emt 00:00:36]} 14. Bd3 {[%clk 00:47:46]} {[%emt 00:00:19]}
e5 {[%clk 00:42:40]} {[%emt 00:02:37]} 15. Nd6+ {[%clk 00:45:15]} {[%emt
00:02:37]} Rxd6 {[%clk 00:41:40]} {[%emt 00:01:04]} 16. Bxf5 {[%clk 00:45:09]}
{[%emt 00:00:11]} Bxf5 {[%clk 00:41:10]} {[%emt 00:00:35]} 17. Qxf5 {[%clk
00:43:59]} {[%emt 00:01:15]} exd4 {[%clk 00:40:42]} {[%emt 00:00:33]} 18. exd4
{[%clk 00:42:59]} {[%emt 00:01:04]} Nc6 {[%clk 00:40:20]} {[%emt 00:00:29]} 19.
O-O-O {[%clk 00:42:07]} {[%emt 00:00:56]} Nxd4 {[%clk 00:39:40]} {[%emt
00:00:45]} 20. Rxd4 {[%clk 00:39:30]} {[%emt 00:02:43]} Rxd4 {[%clk 00:39:15]}
{[%emt 00:00:30]} 21. Qe5+ {[%clk 00:39:16]} {[%emt 00:00:19]} Kf8 {[%clk
00:38:32]} {[%emt 00:00:48]} 22. Qxd4 {[%clk 00:38:51]} {[%emt 00:00:30]} 1-0

[Event "DVM U10 2023"]
[Site "Magdeburg GER"]
[Date "2023.12.27"]
[Round "2"]
[White "Rauschel, Marten"]
[Black "Mulgunov, Alexej Nikolaj"]
[Result "0-1"]
[Termination "normal"]
[Board "19.1"]
[WhiteElo "1039"]
[BlackElo "1139"]
[WhiteClock "00:48:37"]
[BlackClock "00:38:47"]
[WhiteTeam "SC Aurich"]
[BlackTeam "fuß brothers Jena"]
[PlyCount "72"]
[WhiteFideId "34640010"]
[EventCountry "GER"]
[EventRounds "7"]
[EventType "team-swiss"]
[EventDate "2023.12.27"]

1. d4 {[%clk 00:55:08]} {[%emt 00:00:02]} Nf6 {[%emt 00:00:07]} 2. Nf3 {[%emt
00:00:03]} g6 {[%clk 00:54:49]} {[%emt 00:00:08]} 3. c4 {[%clk 00:55:07]}
{[%emt 00:00:09]} Bg7 {[%emt 00:00:06]} 4. Nc3 {[%emt 00:00:03]} d6 {[%emt
00:00:05]} 5. e4 {[%emt 00:00:02]} O-O {[%emt 00:00:11]} 6. b4 {[%emt
00:00:28]} Re8 {[%clk 00:52:32]} {[%emt 00:01:21]} 7. a4 {[%clk 00:54:37]}
{[%emt 00:00:40]} e5 {[%clk 00:52:22]} {[%emt 00:00:12]} 8. dxe5 {[%clk
00:54:23]} {[%emt 00:00:23]} dxe5 {[%clk 00:51:49]} {[%emt 00:00:31]} 9. Qxd8
{[%clk 00:54:06]} {[%emt 00:00:29]} Rxd8 {[%clk 00:51:49]} {[%emt 00:00:06]}
10. Nxe5 {[%clk 00:53:42]} {[%emt 00:00:28]} Nxe4 {[%clk 00:51:23]} {[%emt
00:00:26]} 11. Nxe4 {[%clk 00:53:36]} {[%emt 00:00:16]} Bxe5 {[%clk 00:51:08]}
{[%emt 00:00:06]} 12. Be2 {[%clk 00:53:18]} {[%emt 00:00:36]} Bxa1 {[%clk
00:50:54]} {[%emt 00:00:13]} 13. O-O {[%clk 00:53:16]} {[%emt 00:00:14]} Bf5
{[%clk 00:50:33]} {[%emt 00:00:20]} 14. Bg5 {[%clk 00:53:17]} {[%emt 00:00:11]}
Re8 {[%emt 00:00:26]} 15. Rxa1 {[%emt 00:00:18]} Bxe4 {[%clk 00:49:16]} {[%emt
00:00:27]} 16. Re1 {[%clk 00:53:19]} {[%emt 00:00:12]} Bd3 {[%clk 00:48:56]}
{[%emt 00:00:17]} 17. Kf1 {[%clk 00:53:06]} {[%emt 00:00:27]} Bxe2+ {[%emt
00:00:19]} 18. Rxe2 {[%emt 00:00:11]} Nd7 {[%emt 00:00:22]} 19. Rd2 {[%emt
00:00:15]} f6 {[%clk 00:47:23]} {[%emt 00:00:29]} 20. Bf4 {[%clk 00:52:50]}
{[%emt 00:00:23]} Nb6 {[%clk 00:46:04]} {[%emt 00:01:20]} 21. c5 {[%clk
00:51:28]} {[%emt 00:01:32]} Nc4 {[%emt 00:00:30]} 22. Rd4 {[%emt 00:00:29]}
Rad8 {[%clk 00:44:44]} {[%emt 00:00:20]} 23. Rxd8 {[%clk 00:51:05]} {[%emt
00:00:33]} Rxd8 {[%clk 00:44:35]} {[%emt 00:00:09]} 24. Ke2 {[%clk 00:51:08]}
{[%emt 00:00:07]} Re8+ {[%emt 00:01:37]} 25. Kd3 {[%emt 00:00:11]} Ne5+ {[%emt
00:00:11]} 26. Kd2 {[%emt 00:00:23]} g5 {[%clk 00:41:58]} {[%emt 00:00:14]} 27.
Be3 {[%clk 00:51:02]} {[%emt 00:00:16]} Nc4+ {[%clk 00:41:46]} {[%emt
00:00:13]} 28. Kd3 {[%clk 00:51:00]} {[%emt 00:00:12]} Nxe3 {[%clk 00:41:07]}
{[%emt 00:00:34]} 29. fxe3 {[%clk 00:50:58]} {[%emt 00:00:17]} b6 {[%clk
00:40:51]} {[%emt 00:00:14]} 30. c6 {[%clk 00:50:49]} {[%emt 00:00:21]} Re5
{[%clk 00:40:17]} {[%emt 00:00:34]} 31. b5 {[%clk 00:50:37]} {[%emt 00:00:23]}
a6 {[%clk 00:39:59]} {[%emt 00:00:18]} 32. bxa6 {[%clk 00:50:33]} {[%emt
00:00:15]} Ra5 {[%clk 00:39:51]} {[%emt 00:00:07]} 33. Kc4 {[%clk 00:50:32]}
{[%emt 00:00:10]} Rxa6 {[%emt 00:00:09]} 34. Kb5 {[%emt 00:00:08]} Ra5+ {[%clk
00:39:22]} {[%emt 00:00:19]} 35. Kb4 {[%clk 00:50:14]} {[%emt 00:00:22]} Rc5
{[%clk 00:38:57]} {[%emt 00:00:14]} 36. g3 {[%clk 00:48:37]} {[%emt 00:01:58]}
Rxc6 {[%clk 00:38:47]} {[%emt 00:00:11]} 0-1